The Botanical Magazine, Vol. 4 : (Record no. 247234)
[ view plain ]
| 000 -LEADER | |
|---|---|
| fixed length control field | 01931cam a22002773a 4500 |
| 001 - CONTROL NUMBER | |
| control field | 17979 |
| 003 - CONTROL NUMBER IDENTIFIER | |
| control field | PGUSA |
| 005 - DATE AND TIME OF LATEST TRANSACTION | |
| control field | 20140828083401.0 |
| 008 - FIXED-LENGTH DATA ELEMENTS--GENERAL INFORMATION | |
| fixed length control field | 060314s2006||||xxu|||||s|||||000 | eng d |
| 040 ## - CATALOGING SOURCE | |
| Original cataloging agency | PGUSA |
| Language of cataloging | eng |
| 042 ## - AUTHENTICATION CODE | |
| Authentication code | dc |
| 050 #4 - LIBRARY OF CONGRESS CALL NUMBER | |
| Classification number | QK |
| 100 1# - MAIN ENTRY--PERSONAL NAME | |
| Personal name | Curtis, William, |
| Dates associated with a name | 1746-1799 |
| 245 14 - TITLE STATEMENT | |
| Title | The Botanical Magazine, Vol. 4 : |
| Remainder of title | Or, Flower-Garden Displayed |
| Medium | [electronic resource] / |
| Statement of responsibility, etc | William Curtis |
| 260 ## - PUBLICATION, DISTRIBUTION, ETC. (IMPRINT) | |
| Name of publisher, distributor, etc | Project Gutenberg, |
| Date of publication, distribution, etc | 2006 |
| 505 0# - FORMATTED CONTENTS NOTE | |
| Formatted contents note | [109]—Lavatera Trimestris. -- [110]—Mimosa Verticillata. -- [111]—Lathyrus Tuberosus. -- [112]—Cistus Ladaniferus. -- [113]—Convolvulus Purpureus. -- [114]—Silene Pendula. -- [115]—Lathyrus Sativus. -- [116]—Limodorum Tuberosum. -- [117]—Campanula Carpatica. -- [118]—Sedum Anacampseros. -- [119]—Strelitzia Reginæ. -- [121]—Narcissus Incomparabilis. -- [122]—Hyacinthus Racemosus. -- [123]—Anemone Hortensis. -- [124]—Iberis Gibraltarica. -- [125]—Alstrœmeria Ligtu. -- [126]—Alyssum Deltoideum. -- [127]—Ixia Flexuosa. -- [128]—Scilla Campanulata -- [129]—Amaryllis Vittata. -- [130]—Alyssum Utriculatum. -- [131]—Catesbæa Spinosa. -- [132]—Rubus Arcticus. -- [133]—Hyacinthus Comosus -- [134]—Adonis Vernalis. -- [135]—Gladiolus Cardinalis. -- [136]—Pelargonium Tetragonum. -- [137]—Hypericum Balearicum. -- [138]—Kalmia Hirsuta. -- [139]—Alstrœmeria Pelegrina. -- [140]—Lupinus Luteus. -- [141]—Heliotropium Peruvianum. -- [142]—Scorzonera Tingitana. -- [143]—Pelargonium Glutinosum. -- [144]—Ferraria Undulata.. |
| 506 ## - RESTRICTIONS ON ACCESS NOTE | |
| Terms governing access | Public domain in the USA. |
| 516 ## - TYPE OF COMPUTER FILE OR DATA NOTE | |
| Type of computer file or data note | Electronic text |
| 653 ## - INDEX TERM--UNCONTROLLED | |
| Uncontrolled term | Plants -- Periodicals |
| 653 ## - INDEX TERM--UNCONTROLLED | |
| Uncontrolled term | Plants, Cultivated -- Periodicals |
| 653 ## - INDEX TERM--UNCONTROLLED | |
| Uncontrolled term | Botanical illustration -- Periodicals |
| 653 ## - INDEX TERM--UNCONTROLLED | |
| Uncontrolled term | Plants, Ornamental -- Periodicals |
| 830 #0 - SERIES ADDED ENTRY--UNIFORM TITLE | |
| Uniform title | Project Gutenberg |
| Volume number/sequential designation | 17979 |
| 856 40 - ELECTRONIC LOCATION AND ACCESS | |
| Uniform Resource Identifier | <a href="http://www.gutenberg.org/ebooks/17979">http://www.gutenberg.org/ebooks/17979</a> |
| 942 ## - ADDED ENTRY ELEMENTS (KOHA) | |
| Koha item type | eBooks |
| Withdrawn status | Lost status | Damaged status | Home library | Current library | Date acquired | Total Checkouts | Date last seen | Price effective from | Koha item type |
|---|---|---|---|---|---|---|---|---|---|
| Project Gutenberg | Project Gutenberg | 08/28/2014 | 08/28/2014 | 08/28/2014 | eBooks |